01622nam a2200253 a 4500001001000000005001700010008004100027041000800068044000700076084002000083100004500103245027300148260003900421300004200460500010700502500040300609500008401012500003501096650005201131650005601183650003401239650004501273740005001318BRCA_236820190320203757.0061108s1605----sp-#---###---#000-0#spa-u aspa asp a009b.M49c16051 aCervantes Saavedra, Miguel ded1547-161610aEl Ingenioso Hidalgo Don Quixote de la Manchabdirigido al Duque de Béjar, Marquéz de Gibraleón, Conde de Benalcazar y Bañares, Vizconde de la Puebla de Alcozer, Señor de las villas de Capilla, Curiel y Burguillosccompuesto por Miguel de Cervantes Saavedra. aValenciabPedro Patricio Meyc1605 a1 v. (en varias paginaciones)c16 cm. aContenido : Dedicatoria del autor al Duque de Béjar. Prólogo del autor. Versos preliminares. Texto aSegunda edición de Valencia. Aprobación fechada en Valencia, a 18 de julio de 1605. El privilegio dado en Valencia, a 9 de febrero de 1605. Sigue el texto de la segunda edición de Cuesta de la que corrigió algunas erratas a cambio de otras muchas, que se estamparon de nuevo. Contiene, además, algunas adiciones caprichosas que alteran el texto. Encuadernada en pergamino Lúdovik Osterc aEstado físico : Anotaciones manuscritas en las guardas y a lo largo del texto aCon ex-libris de : John Murray14aNovela españolayÉpoca clásica, 1500-170014aLiteratura españolaxÉpoca clásica, 1500-170014aNovela españolaySiglo XVII14aDon Quijote (Personaje ficticio)eNovela0 aEl Ingenioso Hidalgo Don Quijote de la Mancha